00510nam a2200169 a 450008200180000010000200001824500370003826000370007530000100011250000350012250500160015765000280017370000200020194200070022195200970022899900150032500a297.1224bJAF aJeffery, Arthur aForeign Vocabulary of the Qur`an aBarodabOriental Institutec1938 a311p. aincludes index and biblioraphy2 aArabic-Urdu aQuran-Textual Criticism1 aJeffery, Arthur cBK 00104070aHMIbHMId2007-07-31g100.00l0o297.1224 JAFp153r2007-07-31w2026-01-16yARB c2561d2561